000 00753cam a22002413a 4500
001 45031
003 PGUSA
005 20140828084028.0
008 140227s2014||||xxu|||||s|||||000 | eng d
040 _aPGUSA
_beng
042 _adc
050 4 _aDC
100 1 _aHéroard, Jean,
_d1551-1628
245 1 0 _aJournal de Jean Héroard - Tome 1 :
_bSur l'enfance et la jeunesse de Louis XIII (1601-1610)
_h[electronic resource] /
_cJean Héroard
260 _bProject Gutenberg,
_c2014
506 _aPublic domain in the USA.
516 _aElectronic text
653 _aFrance -- History -- Louis XIII, 1610-1643
653 _aFrance -- History
830 0 _aProject Gutenberg
_v45031
856 4 0 _uhttp://www.gutenberg.org/ebooks/45031
942 _cEB
999 _c274282
_d274282